| 000 | 01166nam a22002897a 4500 | ||
|---|---|---|---|
| 003 | EG-ScBUE | ||
| 005 | 20211205121855.0 | ||
| 008 | 111124s19uu ua f 000 0f ara d | ||
| 040 |
_aEG-ScBUE _bara _erda _cEG-ScBUE _dEG-ScBUE |
||
| 082 | 0 | 4 |
_a813.5 _bم ا ك _222 |
| 100 | 1 |
_927892 _aماكلرز، كارسون، _eمؤلف. |
|
| 240 | 1 | 0 |
_aHeart is a lonely hunter. _lArabic |
| 245 | 1 | 2 |
_aالقلب صياد وحيد / _cتأليف كارسون ماكلرز ؛ ترجمة رجا جورج، مستري شماس. |
| 264 | 1 |
_aالقاهرة : _bدار الفكر العربي، _c[19--] |
|
| 300 |
_a422 صفحة ؛ _c24 سم |
||
| 336 |
_2rdacontent _aنص _btxt |
||
| 337 |
_2rdamedia _aبدون وسيط _bn |
||
| 338 |
_2rdacarrier _aمجلد _bnc |
||
| 546 | _aالنص باللغة العربية وتم ترجمته من اللغة الإنجليزية. | ||
| 650 | 7 |
_927867 _aالقصص الإنجليزية _yقرن 20. _2BUEsh |
|
| 651 | _2BUEsh | ||
| 653 |
_cNovember2011 _bARALIT |
||
| 655 |
_vReading book _934232 |
||
| 700 | 1 |
_927893 _aجورج، رجا، _eمترجم. |
|
| 700 | 1 |
_927894 _aشماس، مستري، _eمترجم. |
|
| 942 |
_2ddc _cBB |
||
| 999 |
_c16259 _d16259 |
||